000 02336cam a22005414i 4500
003 PE-LiUPU
005 20250731173036.0
008 160823s2016 miu r 000 0 eng c
020 _a0310525276
020 _a9780310525271
035 _a(Sirsi) i9780310525271
035 _a(OCoLC)933722558
_z(OCoLC)930664314
_z(OCoLC)972951741
040 _aNcWfSB/DLC
_bspa
_cNVS
_dDLC
_dBTCTA
_dYDXCP
_dBDX
_dOCLCF
_dSPB
_dVLB
_dOCLCO
_dOCLCQ
_dPE-LiUPU
_erda
049 _aPRUA
050 0 0 _aBV4520
_b.H3737 2016
082 0 0 _a253
_bH22
_223
100 1 _aHarrington, Bobby,
_d1958- ,
_eautor.
245 1 4 _aThe disciple maker's handbook :
_bseven elements of a discipleship lifestyle /
_cBobby Harrington, Josh Patrick.
264 1 _aGrand Rapids, Michigan :
_bZondervan,
_c[2016]
300 _a192 páginas ;
_c24 centímetros
336 _atext
_2rdacontent
337 _aunmediated
_2rdamedia
338 _avolume
_2rdacarrie
505 0 _aPart 1: Make disciples. One big reason and seven others -- The greatest cause on earth -- A disciple-making example -- -- Part 2. The seven elements of a discipleship lifestyle. Relationships -- Jesus -- Intentionality -- Bible -- Spirit -- Journey -- Multiply -- Conclusion: Join the discipleship-first tribe -- Appendix 1: The DNA of a disciple-making movement -- Appendix 2: Pastors and church planters who make disciple makers.
526 _aSEG42
526 _aSEG41
526 _aSEG40
526 _aSEG39
526 _aP94
526 _aP87
526 _aP86
526 _aP85
526 _aP77
526 _aP76
526 _aP35
650 0 _aDiscipling (Christianity)
650 0 _aDiscipulado (Cristianismo)
_9847
650 0 _aEvangelistic work.
650 0 _aTrabajo evangelístico.
_93100
700 1 _aPatrick, Josh,
_d1979-
_eautor.
910 _adbm
_bebj
_cebj
_d20171211
942 _2ddc
_cBOOK
949 _a253 H22
_wDEWEY
_c1
_i77242
_lCATALOGING
_mBUL
_p10.19
_r0
_sY
_tBOOK
_u2017-12-11
_xPOSGRADO
_PP85
_0DONACION
_o.STAFF. Colección Teología.
994 _aC0
_bPEPRU
596 _a1
999 _a253 H22
_wDEWEY
_c26086
_i77242
_d26086
_f2021-11-10
_g4
_lCCODEBUL1
_mBUL
_p10.19
_q1
_r0
_sY
_tBOOK
_u2017-12-11
_xTEOLOGIA
_PP85
_0DONACION
_o.STAFF. Coleccio¿¿n Teolog©Ưa.
980 _81
_gALBERTO SANCHEZ Responsable de Automatización